000 00261nam a2200109Ia 4500
008 220204s9999 xx 000 0 und d
082 _a032
_bISH
100 _aIshwar Dayal
245 0 _aDistrict administration
260 _aDelhi
_bMacmillan
_c1976
942 _cBK
999 _c24843
_d24843